Inženernyje metody obespečenija nadežnosti sistem
Saved in:
| Main Author: | |
|---|---|
| Format: | Book |
| Language: | Russian |
| Published: |
Moskva
Mir
1984
|
| Tags: |
No Tags, Be the first to tag this record!
|
MARC
| LEADER | 00000nam a2200000 4500 | ||
|---|---|---|---|
| 001 | c112334 | ||
| 005 | 20240911102631.0 | ||
| 041 | 0 | |a rus | |
| 044 | |a RU | ||
| 245 | 1 | 0 | |a Inženernyje metody obespečenija nadežnosti sistem |c B.S. Dhillon ; [Perevod s anglijskogo Je.G. Kovalenko] |
| 264 | 1 | |a Moskva |b Mir |c 1984 | |
| 300 | |a 318 s. | ||
| 100 | 1 | |a Dhillon, B.S. | |